000
00225 a2200097 4500
001
4124
100
_a
Hutchinson,R.W
245
_a
elementary technical electricity
260
_a
_b
University tutorial
_c
090
_c
3341
_d
3341
942
_a
NUST-CAE
_c
M
_c
26014
999
_c
239197
_d
239197